| 000 -CABECERA |
| fixed length control field |
00582nam a22001937i 4500 |
| 003 - IDENTIFICADOR DEL NÚMERO DE CONTROL |
| control field |
AR-CdUCM |
| 008 - DATOS DE LONGITUD FIJA--INFORMACIÓN GENERAL |
| fixed length control field |
250415b20062006eng||||| |||| 00| 0 eng d |
| 020 ## - NÚMERO INTERNACIONAL ESTÁNDAR DEL LIBRO |
| ISBN |
978-0-7641-5940-2 |
| 040 ## - FUENTE DE LA CATALOGACIÓN |
| Agencia/entidad que catalogó originalmente la obra |
MUNICIPALIDAD PROVINCIAL DEL CUSCO |
| Entidad que transcribió la catalogación |
BIBLIOTECA MUNICIPAL DEL CUSCO |
| 082 ## - NÚMERO DE LA CLASIFICACIÓN DECIMAL DEWEY |
| No. de Clasificación |
PI / 372 / F43 |
| Notacion interna |
F43 |
| 100 ## - ENTRADA PRINCIPAL--NOMBRE DE PERSONA |
| Nombre Personal |
Ferri, Francesca |
| 245 ## - MENCIÓN DE TÍTULO |
| Título |
Peek-A-Boo Jungle / (ingles). |
| 260 ## - PUBLICACIÓN, DISTRIBUCIÓN, ETC. |
| Lugar de publicación, distribución, etc. |
Canada : |
| Nombre de la editorial, distribuidor, etc. |
Barron's |
| Fecha de publicación, distribución, etc. |
2006 |
| 300 ## - DESCRIPCIÓN FÍSICA |
| Nº de Páginas Extensión |
6 páginas. : |
| Otros detalles físicos |
Ilustraciones |
| Dimensiones |
24x20 cm. |
| 856 ## - LOCALIZACIÓN Y ACCESO ELECTRÓNICOS |
| Dirección electrónica |
www.barronseduc.com |
| 942 ## - ELEMENTOS DE PUNTO DE ACCESO ADICIONAL (KOHA) |
| Fuente de clasificación |
|
| Tipo de item |
Libros-BMC |
| 945 ## - PROCESAMIENTO DE INFORMACIÓN LOCAL (OCLC) |
| Catalogador |
pbjr |
| AAAA-MM-DD - Fecha de ingreso o modificacion |
15-04-2025 |